000 00443nam a2200181Ia 4500
999 _c48135
_d48135
003 0100
005 20170504121826.0
008 130303s9999 xx 000 0 und d
040 _cARRUPELIB
050 _aDT107.83.N333 1959
100 _aNasser, Gamal Adbel
_930564
245 4 _aThe philosophy of the revolution
260 _aBuffalo
260 _bSmith, Keynes Marshall
_aBuffalo
_c1959
300 _a102 p.
300 _b 21 cm
650 _aEgypt--History--Philosophy
_930565
650 _aEgypt
_xPolitics
_y1962
_930566
700 _aGamal Adbel Nasser
_930567
942 _2lcc
_cMONOGRAPH